Doktrína vagy tűzoltás? az ún. Brezsnyev-doktrína /

Elmentve itt :
Bibliográfiai részletek
Szerző: Szabó Gábor Zsolt
További közreműködők: Pándi Lajos (Témavezető)
Dokumentumtípus: Szakdolgozat
Megjelent: 2003
Tárgyszavak:
Online Access:http://diploma.bibl.u-szeged.hu/143069
LEADER 00639nta a2200181 i 4500
001 dipl143069
005 20250127152037.0
008 241115s2003 hu om 000 hun d
040 |a SZTE Diploma Repozitórium  |b hun 
041 |a hun 
100 1 |a Szabó Gábor Zsolt 
245 1 0 |a Doktrína vagy tűzoltás?   |h [elektronikus dokumentum] :  |b az ún. Brezsnyev-doktrína /  |c Gábor Zsolt Szabó 
260 |c 2003 
650 4 |a Bölcsészettudományok 
650 4 |a Humanities 
650 4 |a History and archaeology 
700 0 1 |a Pándi Lajos  |e ths 
856 4 0 |u https://diploma.bibl.u-szeged.hu/id/eprint/143069/1/2003_szabo_gabor_zsolt.pdf  |z Dokumentum-elérés